00298nam a2200133Ia 4500008004000000041000800040082001200048100001700060245002000077260003900097650000700136650001300143650000800156210210b1965 xxu||||| |||| 00| 0 eng d aeng a940/131 aHEROLD (J C) aAge of Napolean aNew YorkbDell Publishing Coc1965 aof aNapolean aAge